000 00905cam a2200265 a 4500
005 20191224041700.0
008 981009t00001994-usbco 0 eng d
020 _a1559632852
040 _aCO-BoPUJ
_cCO-BoIAVH
_dCO-BoIAVH
041 0 _aspa
044 _ack
082 0 4 _a634.92
_bR38s
245 0 0 _aRemote sensing and GIS in ecosystem management /
_ceditado por V. Alaric Sample
260 _aWashington :
_bIsland,
_c1994.
300 _a369 páginas :
_bilustraciones y mapas ;
_c23 x 15 cm.
504 _aIncluye referencias bibliográficas.
650 2 6 _aEcología forestal
650 2 6 _aTeledetección
650 2 4 _aGestión de ecosistemas
_zEstados unidos
650 2 6 _aSistemas de información geográfica
700 1 _aSample, V. Alaric
_deditor
710 2 _aAmerican Forest
710 2 _aForest Policy Center
942 _2ddc
_cLIBRO
999 _c3153
_d3153